Tate McRae's UK Singles Chart History - Statistics

General Stats
  • This quiz has been taken 56 times
    18 since last reset
  • The average score is 16 of 22
Answer Stats
Peak Position Song Weeks On Chart Debut Date % Correct
#9 Revolving door 19 Mar 6th 2025
100%
#3 Sports car 38 Feb 6th 2025
100%
#12 exes 20 Nov 30th 2023
94%
#14 It's ok I'm ok 25 Sep 26th 2024
94%
#46 You 17 Apr 29th 2021
94%
#3 you broke me first 38 Aug 6th 2020
94%
#3 greedy 40 Sep 28th 2023
88%
#6 TIT FOR TAT 16 Oct 9th 2025
88%
#16 NOBODY'S GIRL 8 Dec 4th 2025
81%
#14 she's all i wanna be 26 Feb 17th 2022
81%
#8 2 hands 13 Nov 28th 2024
69%
#25 ANYTHING BUT LOVE 2 Dec 4th 2025
69%
#6 Just Keep Watching 19 Jun 12th 2025
69%
#76 uh oh 2 Oct 13th 2022
69%
#8 10:35 29 Nov 17th 2022
63%
#25 i know love 2 Mar 6th 2025
63%
#36 chaotic 3 Apr 7th 2022
50%
#52 feel like shit 2 Nov 25th 2021
50%
#55 run for the hills 3 Dec 21st 2023
50%
#30 What I Want 18 May 29th 2025
44%
#84 what would you do? 1 May 26th 2022
44%
#82 that why 10 Aug 12th 2021
6%
No matching quizzes found
Score Distribution
Percent of People with Each Score
Percentile by Number Answered
Your Score History
You have not taken this quiz since the last reset